Normal view
MARC view
Entry Personal Name
001 - CONTROL NUMBER
- control field: 3571
003 - CONTROL NUMBER IDENTIFIER
- control field: Ke-BoTe
005 - DATE AND TIME OF LATEST TRANSACTION
- control field: 20220426105822.0
008 - FIXED-LENGTH DATA ELEMENTS
- fixed length control field: 220426|| aca||aabn | a|a d
040 ## - CATALOGING SOURCE
- Original cataloging agency: Ke-BoTe
- Transcribing agency: Ke-BoTe
100 ## - HEADING--PERSONAL NAME
- Personal name: Hunt, Roberta
670 ## - SOURCE DATA FOUND
- Source citation: Work cat.: (Ke-BoTe)1822: Hunt, Roberta., Introduction to community based nursing /, c1997.
